000 00381nam a2200133Ia 4500
008 211109s9999||||xx |||||||||||||| ||und||
082 _a822
_bLOT-M
100 _aLott, Bernard
245 0 _aMuch Ado About Nothing
260 _bAt the University
_aCambridge
_c1969
630 _xGeneral Stack
650 _aEnglish & Old English literatures
_vEnglish Drama
_xLiterature
942 _cBOOK
999 _c2638
_d2638